[Event "Sonora op 2nd"]
[Site "Sonora"]
[Date "2024.06.16"]
[Round "6"]
[White "Mattoso, Rafaela Vilela"]
[Black "Vilela, Jeze Agner De Olive"]
[Result "0-1"]
[WhiteElo "1800"]
[BlackElo "1838"]
[PlyCount "64"]
[EventDate "2024.06.13"]
[EventType "swiss"]
[EventRounds "6"]
[EventCountry "BRA"]
[SourceTitle "CBM 220 Extra"]
[Source "ChessBase"]
[SourceDate "2024.07.31"]
[SourceVersion "1"]
[SourceVersionDate "2024.07.31"]
[SourceQuality "1"]

1. e4 e5 2. Nf3 Nc6 3. Bc4 Bc5 4. 0-0 Nf6 5. Nc3 d6 6. Ng5 0-0 7. d3 h6 8. Bxf7+ Rxf7 9. Nxf7 Kxf7 10. Qf3 Nd4 11. Qg3 Bb4 12. Re1 Nxc2 13. Bd2 Nxa1 14. Rxa1 Qd7 15. a3 Ba5 16. b4 Bb6 17. Qf3 c6 18. a4 Qg4 19. Qxg4 Nxg4 20. Nd1 Be6 21. a5 Bd4 22. Ra3 Rf8 23. h3 Nf6 24. Ne3 a6 25. Nc4 Ke7 26. Nb6 Bxb6 27. axb6 Rf7 28. f4 exf4 29. Bxf4 Nxe4 30. dxe4 Rxf4 31. g3 Rxe4 32. Ra4 Bb3 0-1